=LDR 00000nam 2200000 4500 =001 INLIS000000000022169 =005 20130612120943 =008 ***********************************Ind** =035 ##$$0010-061300000022169 =041 ##$$a Ind =082 ##$$a 398.209 591 =090 ##$$a 398.209 591, For m =100 ##$$a Forbes, Kathleen =245 ##$$a More favourite stories from Burma, Kathleen Forbes =260 ##$$a 1978 $b Jakarta =300 ##$$a 62 hlm, ilus, 21 cm =650 ##$$a Cerita Rakyat - Burma =850 ##$$a NBPNMAT